| 000 | 01171nam a22003017a 4500 | ||
|---|---|---|---|
| 005 | 20180316121816.0 | ||
| 010 | _a1516EN07 ENG-114631 | ||
| 020 |
_a9789332519022 _c829.00 |
||
| 020 |
_a9789332519022 _c1079 (AV) |
||
| 035 | _aEN-98163 | ||
| 035 | _aB-614771-793 | ||
| 035 | _aB-667979 | ||
| 037 |
_aDPL _bTechniz/Ven |
||
| 037 | _bDBAD/PUB | ||
| 082 | _a540 | ||
| 100 | _aMcmurry, John E. | ||
| 245 |
_aChemistry / _cby John E. McMurry [and] Robert C.Fay |
||
| 250 | _a6th ed | ||
| 260 |
_aNew Delhi _bPearson Education _c2015 |
||
| 270 |
_a11 Community Center, Panchsheel Park _bNew Delhi _e110017 |
||
| 300 |
_a1063p. : _c28cm(pbk) _bill |
||
| 500 | _aIncludes index | ||
| 650 |
_aChemistry _vTextbooks. |
||
| 700 | _aFay,Robert C. | ||
| 942 |
_2ddc _cEN _mMCM _h540 |
||
| 999 |
_c96039 _d96039 |
||